000 00804cam a2200229 4500
001 IQ000848
008 t19921992mx a spa
020 _a9681842197
035 _aIQ000848
050 0 4 _aTP155
_bM55 1992
100 1 _aMiller, David M.
245 1 0 _aIngeniería industrial e investigación de operaciones /
_cDavid M. Miller, J. W. Schmidt ; col. R. J. Craig ; tr. Luis Carlos Emerich Zazueta ; rev. Roberto López Infante.
260 _aMéxico :
_bLimusa,
_cc1992
300 _a508 p. :
_bil. ;
_c23 cm.
504 _aIncluye índice
650 7 _aIngeniería industrial
_xOperaciones
_2Lemb
700 1 _aSchmidt, J. W., coaut.
700 1 _aCraig, R. J., col.
700 1 _aEmerich Zazueta, Luis Carlos, tr.
700 1 _aLópez Infante, Roberto, rev.
942 _2lcc
_cLIB
999 _c93663
_d93663